[Event "GRE-chT Online Rapid op 1st"]
[Site "Tornelo INT"]
[Date "2021.02.21"]
[Round "6.14"]
[White "Trifonas, Spyridon"]
[Black "Charalampidis, Vasilios"]
[Result "1-0"]
[WhiteElo "1837"]
[BlackElo "1394"]
[PlyCount "131"]
[EventDate "2021.02.20"]
[EventType "team-swiss (rapid)"]
[EventRounds "9"]
[EventCountry "GRE"]
[SourceTitle "EXT 2023"]
[Source "ChessBase"]
[SourceDate "2022.10.05"]
[SourceVersion "1"]
[SourceVersionDate "2022.10.05"]
[SourceQuality "1"]

1. d4 Nf6 2. Bf4 g6 3. Nc3 Bg7 4. e4 d6 5. Qd2 b6 6. 0-0-0 Bb7 7. f3 Nbd7 8. Bh6 0-0 9. Bxg7 Kxg7 10. g4 a5 11. h4 h5 12. gxh5 Nxh5 13. Nge2 e5 14. Bh3 Ndf6 15. Qe3 Qe7 16. Rdg1 exd4 17. Nxd4 Qe5 18. Kb1 Rh8 19. Bg4 d5 20. Bxh5 Rxh5 21. f4 Qe7 22. e5 Ne4 23. Rg5 Nxg5 24. fxg5 c5 25. Nce2 cxd4 26. Qxd4 Kg8 27. Nf4 Qxg5 28. Nxh5 Qxh5 29. a3 Qf3 30. Rg1 Bc8 31. Qxb6 Bf5 32. Rc1 Qe4 33. h5 Rc8 34. Qb3 a4 35. Qb6 Qc4 36. hxg6 Bxg6 37. e6 fxe6 38. Qxe6+ Bf7 39. Rg1+ Kf8 40. Qd6+ Ke8 41. Re1+ Qe4 42. Rxe4+ dxe4 43. Qe5+ Kf8 44. Qxe4 Re8 45. Qb4+ Kg8 46. Kc1 Re5 47. Qxa4 Re1+ 48. Kd2 Rg1 49. Qa8+ Kg7 50. Qb8 Rg2+ 51. Kc3 Rg6 52. Qe5+ Kh7 53. b4 Rc6+ 54. Kd2 Bg6 55. c3 Rc8 56. Qe7+ Kh6 57. a4 Re8 58. Qh4+ Kg7 59. b5 Re4 60. Qd8 Rxa4 61. b6 Ra2+ 62. Ke3 Rc2 63. Qd4+ Kf7 64. b7 Rb2 65. Qf4+ Kg8 66. b8Q+ 1-0

[Event "GRE-ch U14"]
[Site "Achaia"]
[Date "2017.06.27"]
[Round "3"]
[White "Charalampidis, Vasilios"]
[Black "Vourgidis, Athanasios"]
[Result "1-0"]
[WhiteElo "1371"]
[BlackElo "1172"]
[PlyCount "81"]
[EventDate "2017.06.26"]
[EventType "swiss"]
[EventRounds "9"]
[EventCountry "GRE"]
[SourceTitle "EXT 2018"]
[Source "ChessBase"]
[SourceDate "2017.10.13"]
[SourceVersion "1"]
[SourceVersionDate "2017.10.13"]
[SourceQuality "1"]

1. e4 e5 2. Nf3 Nc6 3. d4 exd4 4. Nxd4 Nf6 5. Nxc6 bxc6 6. Qe2 Qe7 7. Nc3 h6 8. Bf4 d5 9. exd5 Nxd5 10. Nxd5 cxd5 11. Qxe7+ Bxe7 12. Bxc7 0-0 13. 0-0-0 Be6 14. Ba6 Bc8 15. Bxc8 Raxc8 16. Bf4 Rcd8 17. Rd3 Rd7 18. Rhd1 Rfd8 19. Be3 Bf6 20. c3 Kh7 21. Kc2 Kg6 22. Bd4 Bxd4 23. Rxd4 Re8 24. Rxd5 Rxd5 25. Rxd5 Re2+ 26. Rd2 Re7 27. Rd6+ Kh7 28. Kd2 g6 29. b4 h5 30. a4 Rb7 31. a5 Kh6 32. Kd3 h4 33. g3 hxg3 34. hxg3 Kh5 35. f3 g5 36. Kd4 g4 37. f4 f5 38. Kd5 a6 39. Rxa6 Rxb4 40. Rh6+ Kxh6 41. cxb4 1-0

[Event "GRE-ch U12"]
[Site "Porto Rio"]
[Date "2016.06.29"]
[Round "3"]
[White "Charalampidis, Vasilios"]
[Black "Abelakiotis, Stavros"]
[Result "1/2-1/2"]
[WhiteElo "1367"]
[BlackElo "1872"]
[PlyCount "74"]
[EventDate "2016.06.28"]
[EventType "swiss"]
[EventRounds "9"]
[EventCountry "GRE"]
[SourceTitle "CBM 173 Extra"]
[Source "ChessBase"]
[SourceDate "2016.08.29"]
[SourceVersion "1"]
[SourceVersionDate "2016.08.29"]
[SourceQuality "1"]

1. e4 c5 2. Nf3 e6 3. d4 cxd4 4. Nxd4 Nc6 5. Nc3 Qc7 6. f4 a6 7. Nxc6 Qxc6 8. Bd3 b5 9. Qe2 Bb7 10. Nd5 f5 11. a3 Kf7 12. Nc3 Nf6 13. e5 Nd5 14. Nxd5 Qxd5 15. Rg1 Qd4 16. Qe3 Bc5 17. Qxd4 Bxd4 18. Rf1 Bxg2 19. Rf2 Bxf2+ 20. Kxf2 Bd5 21. Be3 Bc4 22. Bxc4 bxc4 23. Rg1 Rab8 24. Bd4 g6 25. Rd1 Rb5 26. Bc3 Rd5 27. Rxd5 exd5 28. e6+ dxe6 29. Bxh8 h6 30. Be5 g5 31. Kf3 Kg6 32. b4 Kf7 33. a4 Ke7 34. c3 Kd7 35. Bg7 g4+ 36. Kg3 Kc6 37. Bxh6 d4 1/2-1/2

[Event "Nikaia op 23rd"]
[Site "Nikaia"]
[Date "2015.08.30"]
[Round "4"]
[White "Charalampidis, Vasilios"]
[Black "Barous, Theodoros"]
[Result "0-1"]
[WhiteElo "1174"]
[BlackElo "1435"]
[PlyCount "104"]
[EventDate "2015.08.26"]
[EventType "swiss"]
[EventRounds "9"]
[EventCountry "GRE"]
[SourceTitle "EXT 2016"]
[Source "ChessBase"]
[SourceDate "2015.10.08"]
[SourceVersion "1"]
[SourceVersionDate "2015.10.08"]
[SourceQuality "1"]

1. e4 c5 2. Nf3 Nc6 3. d4 cxd4 4. Nxd4 g6 5. c4 Bg7 6. Be3 Nf6 7. Nc3 0-0 8. Be2 d6 9. 0-0 Bd7 10. Nb3 a6 11. f4 Qc8 12. h3 Rb8 13. Qd2 b5 14. cxb5 axb5 15. Bxb5 Nxe4 16. Nxe4 Rxb5 17. Nc3 Rb8 18. Rac1 Qb7 19. Rfd1 Be6 20. Nd5 Bxd5 21. Qxd5 Nd8 22. Qxb7 Rxb7 23. Bd4 f6 24. Rc2 Ne6 25. Be3 Ra8 26. Nc1 f5 27. b3 h6 28. Kf2 g5 29. g3 Kf7 30. Rd5 Kg6 31. fxg5 Nxg5 32. Bxg5 hxg5 33. Nd3 Rba7 34. Nb4 Bf6 35. Rdd2 Rh8 36. Nc6 Raa8 37. Kg2 Kf7 38. Rf2 e6 39. Nb4 Be5 40. Rc7+ Kf6 41. Rfc2 Bd4 42. R7c6 Bc5 43. Nd3 Rhc8 44. Rxc8 Rxc8 45. Nxc5 dxc5 46. b4 c4 47. a4 Ke5 48. b5 Kd4 49. b6 Kc5 50. a5 Kb5 51. Rxc4 Rb8 52. Ra4 Kxa4 0-1

[Event "GRE-ch U12"]
[Site "Rio Achaia"]
[Date "2015.06.29"]
[Round "6.7"]
[White "Charalampidis, Vasilios"]
[Black "Alexakis, Dimitris"]
[Result "0-1"]
[WhiteElo "1192"]
[BlackElo "1827"]
[PlyCount "42"]
[EventDate "2015.06.26"]
[EventType "swiss"]
[EventRounds "9"]
[EventCountry "GRE"]
[SourceTitle "EXT 2024"]
[Source "ChessBase"]
[SourceDate "2023.10.10"]
[SourceVersion "1"]
[SourceVersionDate "2023.10.10"]
[SourceQuality "1"]

1. e4 c5 2. Nf3 d6 3. d4 cxd4 4. Nxd4 Nf6 5. Nc3 g6 6. Be3 Bg7 7. Be2 a6 8. 0-0 Nbd7 9. f4 Qc7 10. Nb3 b6 11. Bf3 Bb7 12. Qd2 0-0 13. Rad1 Rfd8 14. Qf2 Rac8 15. Rfe1 Nc5 16. Nxc5 bxc5 17. Rd2 Nd7 18. Nd1 Bc6 19. Qg3 Qa5 20. a3 Nb6 21. Rf2 Qxe1+ 0-1

[Event "GRE-ch U12"]
[Site "Rio Achaia"]
[Date "2015.06.27"]
[Round "3.16"]
[White "Charalampidis, Vasilios"]
[Black "Tsarsitalidis, Konstantinos"]
[Result "0-1"]
[WhiteElo "1192"]
[BlackElo "1329"]
[PlyCount "150"]
[EventDate "2015.06.26"]
[EventType "swiss"]
[EventRounds "9"]
[EventCountry "GRE"]
[SourceTitle "EXT 2024"]
[Source "ChessBase"]
[SourceDate "2023.10.10"]
[SourceVersion "1"]
[SourceVersionDate "2023.10.10"]
[SourceQuality "1"]

1. e4 c5 2. Nf3 d6 3. d4 cxd4 4. Nxd4 Nf6 5. Nc3 a6 6. Be3 e5 7. Nb3 Be6 8. Be2 Be7 9. 0-0 0-0 10. Qd2 Nbd7 11. f4 Bg4 12. h3 Bxe2 13. Qxe2 b5 14. g4 b4 15. g5 bxc3 16. gxf6 Nxf6 17. Qg2 cxb2 18. Rab1 Qc8 19. f5 Kh8 20. Rxb2 Qb7 21. Bg5 Rg8 22. c3 h6 23. Bh4 g5 24. Bf2 Qxe4 25. Qxe4 Nxe4 26. Be1 g4 27. Kh2 gxh3 28. Kxh3 Rac8 29. Rc2 Bg5 30. Rf3 Bf4 31. Rd3 Rg1 32. Bf2 Rh1+ 33. Kg2 Rh2+ 34. Kf3 Ng5+ 35. Ke2 e4 36. Rd1 e3 37. Rf1 Rxf2+ 38. Rxf2 exf2 39. Kxf2 Be5 40. Na5 Rxc3 41. Rxc3 Bxc3 42. Nb7 d5 43. Ke3 d4+ 44. Kd3 Kg7 45. Nc5 a5 46. Nb3 Nf3 47. Ke4 Ng5+ 48. Kd3 Nf3 49. Ke2 Ne5 50. a4 Kf6 51. Kf2 Nd3+ 52. Ke2 Nb2 53. Nc5 Kxf5 54. Kf3 d3 55. Nxd3 Nxd3 56. Ke3 Nc5 57. Ke2 Nxa4 58. Kd1 Ke4 59. Kc2 Kd4 60. Kb3 Nc5+ 61. Kc2 a4 62. Kb1 a3 63. Ka2 Bb2 64. Kb1 h5 65. Ka2 h4 66. Kb1 h3 67. Kc2 h2 68. Kd2 h1R 69. Ke2 Ke4 70. Kf2 Rh3 71. Kg2 Rf3 72. Kh2 Kf4 73. Kh1 Kg3 74. Kg1 Bd4+ 75. Kh1 Rf1# 0-1

[Event "Nikaia Fysiolatriko op B"]
[Site "Nikaia"]
[Date "2015.06.19"]
[Round "3"]
[White "Charalampidis, Vasilios"]
[Black "Konstantinou, Georgios"]
[Result "0-1"]
[WhiteElo "1192"]
[BlackElo "1468"]
[PlyCount "106"]
[EventDate "2015.06.16"]
[EventType "swiss"]
[EventRounds "9"]
[EventCountry "GRE"]
[SourceTitle "EXT 2024"]
[Source "ChessBase"]
[SourceDate "2023.10.10"]
[SourceVersion "1"]
[SourceVersionDate "2023.10.10"]
[SourceQuality "1"]

1. e4 c5 2. Nf3 d6 3. d4 cxd4 4. Nxd4 Nf6 5. Nc3 Nc6 6. Be3 Bd7 7. Be2 a6 8. Qd2 e6 9. 0-0 Be7 10. Rac1 0-0 11. f4 Qc7 12. Bf3 Nxd4 13. Bxd4 Bc6 14. Kh1 Rfd8 15. Qf2 Nd7 16. Rce1 Bf6 17. Bxf6 Nxf6 18. g4 d5 19. e5 Nd7 20. Qd4 Qb6 21. Qxb6 Nxb6 22. f5 Nc4 23. Bg2 Nxb2 24. Rf2 Nc4 25. Nd1 d4 26. Bxc6 bxc6 27. fxe6 fxe6 28. Ref1 Rf8 29. Rxf8+ Rxf8 30. Re1 Rf4 31. h3 Rf3 32. Kg2 Ra3 33. Re4 c5 34. c3 Rxa2+ 35. Kg3 Nd2 36. Rf4 dxc3 37. Nxc3 Ra3 38. Kh4 Rxc3 39. g5 Nf3+ 40. Kg4 Nxe5+ 41. Kh4 Ng6+ 42. Kg4 Nxf4 43. Kxf4 a5 44. h4 a4 45. h5 a3 46. Ke5 a2 47. Kxe6 a1Q 48. Kd6 Qa6+ 49. Kd5 Rd3+ 50. Ke4 Rd4+ 51. Kf5 g6+ 52. hxg6 hxg6+ 53. Ke5 Qd6# 0-1